Sports Quiz

Random Sports or WWE Quiz

Ultimate WWE Hell in a Cell Quiz Stats

 Plays Quiz Updated Jun 29, 2016

Challenge
Share
Tweet
Embed
Score 0/95 Timer 08:00
19 Plays Today
Participant % Correct
The Undertaker
98%
The Undertaker
98%
The Undertaker
98%
The Undertaker
98%
The Undertaker
98%
The Undertaker
98%
The Undertaker
98%
The Undertaker
98%
The Undertaker
98%
The Undertaker
98%
The Undertaker
97.7%
The Undertaker
97.4%
The Undertaker
97.2%
Triple H
96.3%
Triple H
96.3%
Triple H
96.3%
Triple H
96.3%
Triple H
96.3%
DX - Triple H
96.3%
DX - Triple H
96.2%
Triple H
96%
Triple H
95.8%
Shawn Michaels
94.5%
DX - Shawn Michaels
94.5%
DX - Shawn Michaels
94.5%
The Undertaker
94.4%
Shawn Michaels
94.3%
Kane
93.3%
Kane
93.3%
John Cena
91.9%
John Cena
91.8%
John Cena
91.6%
Participant % Correct
Randy Orton
89.9%
Randy Orton
89.9%
Kane
89.9%
Mankind
89.4%
Cactus Jack
89.4%
Randy Orton
89.2%
Randy Orton
89.2%
Mankind
89.2%
Mankind
89.2%
Randy Orton
88.9%
Randy Orton
88.2%
Stone Cold Steve Austin
87.7%
Stone Cold Steve Austin
87.7%
The Rock
87.2%
Randy Orton
86.5%
Brock Lesnar
84.7%
Roman Reigns
84%
Shane McMahon
83.6%
Roman Reigns
83.5%
Shane McMahon
83.3%
Seth Rollins
83.2%
Edge
82.8%
Roman Reigns
81.8%
C.M. Punk
81.1%
C.M. Punk
81.1%
C.M. Punk
81.1%
Shane McMahon
80.7%
The Big Show
80.6%
Brock Lesnar
80.4%
Seth Rollins
80.4%
C.M. Punk
80.3%
Vince McMahon
79.4%
Participant % Correct
Batista
78.2%
Batista
78.2%
Jeff Hardy
77.6%
Dean Ambrose
77.4%
Kurt Angle
77.3%
Kevin Owens
75.9%
Chris Jericho
74.8%
Kevin Owens
73.7%
Charlotte
73.1%
Braun Strowman
71.7%
Sasha Banks
68.9%
Bray Wyatt
68%
Daniel Bryan
66.5%
Rikishi
66.1%
The Big Boss Man
64.3%
The Big Boss Man
64.3%
Alberto Del Rio
64.3%
New Day - Big E
63.9%
Ryback
63.7%
Ryback
63.7%
New Day - Xavier Woods
63.2%
Legacy - Cody Rhodes
62.8%
The Usos - Jimmy Uso
62%
The Usos - Jey Uso
62%
Legacy - Ted DiBiase
60.9%
Sheamus
58.4%
Rusev
56.6%
Kevin Nash
56.3%
Mark Henry
53.8%
Al Snow
48.3%
Paul Heyman
45%

You're not logged in!

Compare scores with friends on all Sporcle quizzes.
OR
Log In

You Might Also Like...

Show Comments

Extras

Top Quizzes Today


Score Distribution

Your Account Isn't Verified!

In order to create a playlist on Sporcle, you need to verify the email address you used during registration. Go to your Sporcle Settings to finish the process.

Report this User

Report this user for behavior that violates our Community Guidelines.

Details: